Alle Bahnhöfe in Hessen (SPNV) - Statistiken

Allgemein
  • Dieses Quiz wurde 179 mal gespielt
  • Das Durchschnittsergebnis liegt bei 138 aus 499
Antwortstatistiken
Station % Korrekt
Frankfurt (Main) Hauptbahnhof
96%
Kassel Hauptbahnhof
91%
Gießen
88%
Darmstadt Hauptbahnhof
86%
Hanau Hauptbahnhof
86%
Hausen (Taunus)
86%
Offenbach (Main) Hauptbahnhof
86%
Wiesbaden Hauptbahnhof
86%
Frankfurt am Main Flughafen Fernbahnhof
85%
Frankfurt (Main) Flughafen Regionalbahnhof
85%
Fulda
84%
Marburg (Lahn)
84%
Frankfurt (Main) Süd
81%
Limburg (Lahn)
80%
Frankfurt-Nied
78%
Kassel-Wilhelmshöhe
77%
Rüsselsheim
77%
Wetzlar
77%
Friedberg (Hessen)
75%
Erbach (Odenwald)
69%
Erbach (Rheingau)
69%
Frankfurt (Main) West
69%
Langen (Hessen)
69%
Haitz-Höchst
67%
Altenstadt-Höchst
66%
Bad Homburg
66%
Frankfurt am Main Stadion
66%
Frankfurt-Höchst
66%
Höchst (Odenwald)
66%
Bad Nauheim
64%
Frankfurt-Niederrad
64%
Hanau Klein Auheim
64%
Nauheim (b Groß Gerau)
64%
Bad Hersfeld
63%
Groß Gerau
63%
Bad Vilbel
60%
Frankfurt (Main) Konstablerwache
60%
Frankfurt (Main) Ost
60%
Bensheim
58%
Hofheim (Ried)
58%
Hofheim (Taunus)
58%
Rüsselsheim Opelwerk
58%
Bad Soden (Taunus)
57%
Gelnhausen
57%
Mainz-Kastel
57%
Neu Isenburg
57%
Offenbach (Main) Ost
57%
Frankfurt (Main) Hauptwache
56%
Bebra
55%
Dieburg
55%
Dillenburg
55%
Lich (Oberhessen)
55%
Bad König
54%
Heppenheim (Bergstraße)
54%
Butzbach
52%
Idstein (Taunus)
52%
Treysa
52%
Frankfurt am Main Messe
51%
Kelsterbach
51%
Wiesbaden Ost
51%
Dietzenbach Bahnhof
49%
Mainz-Bischofsheim
49%
Niedernhausen (Taunus)
49%
Friedrichsdorf (Taunus)
48%
Hochheim (Main)
48%
Korbach Hauptbahnhof
48%
Kronberg (Taunus)
48%
Melsungen
48%
Ried
48%
Weilburg
48%
Allendorf (Dillkreis)
47%
Bad Sooden-Allendorf
47%
Frankfurt (Main) Taunusanlage
47%
Königstein (Taunus)
47%
Rüdesheim (Rhein)
47%
Stadtallendorf
47%
Wächtersbach
47%
Frankfurt-Griesheim
46%
Schlüchtern
46%
Frankfurt (Main) Galluswarte
45%
Lorsch
45%
Darmstadt Nord
44%
Darmstadt-Wixhausen
44%
Flörsheim (Main)
44%
Frankfurt am Main Gateway Gardens
44%
Frankfurt-Louisa
44%
Kelkheim-Münster
44%
Mainz-Gustavsburg
44%
Mühlheim (Main)
44%
Münster (Hessen)
44%
Bad Camberg
43%
Eltville
43%
Frankfurt-Höchst Farbwerke
43%
Langenselbold
43%
Raunheim
43%
Riedstadt-Goddelau
43%
Darmstadt Süd
42%
Eschborn
42%
Frankfurt (Main) Ostendstraße
42%
Haiger
42%
Pfungstadt
42%
Cölbe
41%
Frankenberg (Eder)
41%
Groß Karben
41%
Oberursel-Weißkirchen Steinbach
41%
Wabern (Bz Kassel)
41%
Walldorf (Hessen)
41%
Weiterstadt
41%
Wiesbaden-Biebrich
41%
Biblis
40%
Frankfurt (Main) Lokalbahnhof
40%
Frankfurt-Rödelheim
40%
Hofgeismar
40%
Neustadt (Kr Marburg)
40%
Rödermark-Ober Roden
40%
Eschwege Stadtbahnhof
38%
Fritzlar
38%
Schwalbach am Taunus Limes
38%
Heusenstamm
37%
Maintal Ost
37%
Mörfelden
37%
Nidda
37%
Alsfeld (Oberhessen)
36%
Borken (Hessen)
36%
Hattersheim (Main)
36%
Herborn (Dillkreis)
36%
Kelkheim
36%
Langen Flugsicherung
36%
Lorch (Rhein)
36%
Maintal West
36%
Offenbach Ledermuseum
36%
Schwalmstadt-Wiera
36%
Steinau (Straße)
36%
Darmstadt-Arheilgen
35%
Dreieich-Buchschlag
35%
Egelsbach
35%
Eppstein
35%
Frankfurt (Main) Mühlberg
35%
Fürth (Odenwald)
35%
Hanau West
35%
Lampertheim
35%
Lang Göns
35%
Offenbach-Bieber
35%
Babenhausen (Hessen)
34%
Bad Soden-Salmünster
34%
Bad Wildungen
34%
Biedenkopf
34%
Darmstadt-Eberstadt
34%
Darmstadt Ost
34%
Eschhofen
34%
Groß Umstadt Mitte
34%
Kirchhain (Bz Kassel)
34%
Nidderau-Eichen
34%
Offenbach Marktplatz
34%
Seligenstadt (Hessen)
34%
Steinheim (Main)
34%
Zell-Romrod
34%
Erzhausen
33%
Frankfurt-Sindlingen
33%
Hünfeld
33%
Michelstadt
33%
Nidderau
33%
Oestrich-Winkel
33%
Assmannshausen
32%
Bad König Zell
32%
Bickenbach (Bergstraße)
32%
Flieden
32%
Frankfurt (Main) Stresemannallee
32%
Groß Gerau-Dornberg
32%
Hähnlein-Alsbach
32%
Kriftel
32%
Rotenburg an der Fulda
32%
Zwingenberg (Bergstraße)
32%
Ahnatal-Weimar
31%
Büdingen (Oberhessen)
31%
Geisenheim
31%
Klein Gerau
31%
Neuhof (Kr Fulda)
31%
Offenbach Kaiserlei
31%
Runkel
31%
Wolfgang (Kr Hanau)
31%
Frankfurt-Frankfurter Berg
30%
Hanau Nord
30%
Lollar
30%
Marburg Süd
30%
Zeppelinheim
30%
Baunatal-Rengershausen
29%
Darmstadt-Kranichstein
29%
Edermünde-Grifte
29%
Frankfurt-Ginnheim
29%
Kronberg (Taunus) Süd
29%
Liederbach
29%
Niederbrechen
29%
Niederselters
29%
Oberbrechen
29%
Bad Vilbel Süd
27%
Baunatal-Guntershausen
27%
Dietzenbach Mitte
27%
Eschborn Süd
27%
Frankfurt-Zeilsheim
27%
Gießen Oswaldsgarten
27%
Groß Umstadt Wiebelsbach
27%
Grünberg (Oberhessen)
27%
Messel
27%
Obertshausen (Kr Offenbach)
27%
Stockstadt (Rhein)
27%
Wiesbaden-Schierstein
27%
Elz (Limburg Lahn)
26%
Mühlheim Dietesheim
26%
Ober Ramstadt
26%
Ostheim (b Butzbach)
26%
Ostheim (Kr Hanau)
26%
Rodgau-Jügesheim
26%
Rodgau Nieder-Roden
26%
Solms
26%
Sulzbach (Taunus) Nord
26%
Usingen
26%
Bad Salzschlirf
25%
Bürstadt
25%
Bürstadt (Ried)
25%
Dreieich-Sprendlingen
25%
Frankfurt-Mainkur
25%
Frankfurt-Unterliederbach
25%
Gersfeld (Rhön)
25%
Hanau-Wilhelmsbad
25%
Lorchhausen
25%
Niederhöchstadt
25%
Rodenbach (b Hanau)
25%
Rodenbach (Dillkreis)
25%
Sinn
25%
Willingen
25%
Bad Karlshafen
24%
Eddersheim
24%
Eichenberg
24%
Glauburg-Stockheim
24%
Kirch Göns
24%
Lauterbach (Hessen) Nord
24%
Oberursel-Stierstadt
24%
Schwalbach Nord
24%
Villmar
24%
Wetter (Hessen)
24%
Wolfhagen
24%
Aßlar
23%
Auringen-Medenbach
23%
Bruchköbel
23%
Dutenhofen (Kr Wetzlar)
23%
Ehringshausen (Kr Wetzlar)
23%
Ehringshausen (Oberhessen)
23%
Frankfurt-Eschersheim
23%
Gernsheim
23%
Groß Gerau-Dornheim
23%
Groß Rohrheim
23%
Niederjosbach
23%
Okarben
23%
Aumenau
22%
Brandoberndorf
22%
Eppstein-Bremthal
22%
Frankfurt-Berkersheim
22%
Fuldatal-Ihringshausen
22%
Großen Linden
22%
Guxhagen
22%
Mücke (Hessen)
22%
Oberursel (Taunus)
22%
Reinheim (Odenwald)
22%
Riedstadt-Wolfskehlen
22%
Vellmar-Obervellmar
22%
Wiesbaden-Erbenheim
22%
Altenstadt (Hessen)
21%
Darmstadt Lichtwiese
21%
Dortelweil
21%
Felsberg-Wolfershausen
21%
Gießen Licher Straße
21%
Grävenwiesbach
21%
Hattenheim
21%
Hungen
21%
Leun Braunsfeld
21%
Rosbach vor der Höhe
21%
Seulberg
21%
Sterbfritz
21%
Wiesbaden-Igstadt
21%
Bad Arolsen
20%
Elz (Limburg Lahn) Süd
20%
Fronhausen (Lahn)
20%
Hainburg Hainstadt
20%
Haunetal-Neukirchen
20%
Hofgeismar-Hümme
20%
Kassel-Oberzwehren
20%
Korbach Süd
20%
Körle
20%
Liederbach Süd
20%
Lorsbach
20%
Ludwigsau-Friedlos
20%
Malsfeld
20%
Neckarsteinach
20%
Neu Anspach
20%
Niederwalgern
20%
Niederwalluf
20%
Niederweimar
20%
Nieder Wöllstadt
20%
Reichelsheim (Wetterau)
20%
Rodgau-Rollwald
20%
Bensheim-Auerbach
19%
Biebesheim
19%
Bruchenbrücken
19%
Bürgeln
19%
Dreieich-Dreieichenhain
19%
Dreieick-Götzenhain
19%
Eichenzell
19%
Friedberg Süd
19%
Großen Buseck
19%
Hirschhorn (Neckar)
19%
Kelkheim-Hornau
19%
Lindenholzhausen
19%
Rodgau-Dudenhofen
19%
Rodgau-Weiskirchen
19%
Vellmar-Niedervellmar
19%
Watzenborn-Steinberg
19%
Witzenhausen Nord
19%
Wörsdorf
19%
Bobstadt
18%
Burghaun (Kr Hünfeld)
18%
Felsberg-Altenbrunslar
18%
Großauheim (Kr Hanau)
18%
Großkrotzenburg
18%
Hailer-Meerholz
18%
Jossa
18%
Wirtheim
18%
Wölfersheim-Södel
18%
Zierenberg
18%
Anzefahr
16%
Eppertshausen
16%
Erbach (Odwenwald) Nord
16%
Felsberg-Gensungen
16%
Friedelhausen
16%
Fürfurt
16%
Großenlüder
16%
Hadamar
16%
Melsungen Bartenwetzerbrücke
16%
Otzberg-Lengfeld
16%
Rödermark-Urberach
16%
Schneidhain
16%
Sontra
16%
Staffel
16%
Wega
16%
Burg (Dillkreis) Nord
15%
Burg- und Nieder Gemünden
15%
Gießen Erdkauter Weg
15%
Herleshausen
15%
Malsfeld-Beiseförth
15%
Mittel Gründau
15%
Morschen-Altmorschen
15%
Mühltal
15%
Münchhausen
15%
Niederdorfelden
15%
Offenbach Waldhof
15%
Reiskirchen (Kr Gießen)
15%
Glauburg-Glauberg
14%
Gräveneck
14%
Kerkerbach
14%
Lieblos
14%
Mainhausen Zellhausen
14%
Riedrode
14%
Saalburg (Taunus)
14%
Volkmarsen
14%
Arfurt (Lahn)
13%
Bad Vilbel-Gronau
13%
Biedenkopf-Wallau
13%
Birkenau
13%
Dietzenbach-Steinberg
13%
Dreieich-Offenthal
13%
Höchst Hetschbach
13%
Immenhausen (Hessen)
13%
Katzenfurt
13%
Köppern
13%
Lahntal-Sarnau
13%
Löhnberg
13%
Rodgau-Hainhausen
13%
Ronshausen
13%
Rönshausen
13%
Usseln
13%
Wildeck-Hönebach
13%
Wildeck-Obersuhl
13%
Altheim (Hessen)
12%
Eschwege-Niederhone
12%
Höchst Mümling-Grumbach
12%
Hundstadt
12%
Kassel-Jungfernkopf
12%
Mörlenbach
12%
Neckarhausen bei Neckarsteinach
12%
Rimbach
12%
Rodheim vor der Höhe
12%
Schlierbach (Kr Schwalm-Eder)
12%
Singlis
12%
Vöhl-Herzhausen
12%
Wehrheim
12%
Dillbrecht
11%
Gertenbach
11%
Heinebach
11%
Niedermittlau
11%
Rimbach Schulzentrum
11%
Rotenburg an der Fulda-Lispenhausen
11%
Schöneck-Oberdorfelden
11%
Sechshelden
11%
Stockhausen (Lahn)
11%
Albshausen
10%
Babenhausen Langstadt
10%
Beienheim
10%
Frankenberg-Viermünden
10%
Haiger Obertor
10%
Simtshausen
10%
Vernawahlshausen
10%
Wehretal-Reichensachsen
10%
Welkers
10%
Burgholzhausen vor der Höhe
9%
Hergershausen
9%
Mandern
9%
Mengeringhausen
9%
Oberzent-Hetzbach
9%
Oberzent-Kailbach
9%
Oberzent Schöllenbach
9%
Twiste
9%
Ungedanken
9%
Wilhelmsdorf (Taunus)
9%
Altenfeld (Rhön)
8%
Altenstadt-Lindheim
8%
Biedenkopf Wirtschafts- und Wissenscampus
8%
Caldern
8%
Dreieich-Weibelfeld
8%
Echzell
8%
Goßfelden
8%
Grebenstein
8%
Lütter
8%
Nidderau-Windecken
8%
Niederhadamar
8%
Oberbimbach
8%
Saasen
8%
Sterzhausen
8%
Trais-Horloff
8%
Vöhl-Ederbringhausen
8%
Werdorf
8%
Zennern
8%
Zimmersrode
8%
Angersbach
7%
Birkenbringhausen
7%
Buchenau (Lahn)
7%
Ehringen
7%
Ernsthausen (Kr Frankenberg)
7%
Espenau-Mönchehof
7%
Garbenteich
7%
Göbelnrod
7%
Groß Umstadt Klein-Umstadt
7%
Hasselborn
7%
Kassel-Harleshausen
7%
Külte-Wetterburg
7%
Lörzenbach-Fahrenbach
7%
Niederscheld (Dillkreis) Süd
7%
Niederzeuzheim
7%
Ober-Widdersheim
7%
Schöneck-Kilianstädten
7%
Vöhl-Schmittlotheim
7%
Vöhl-Thalitter
7%
Assenheim (Oberhessen)
5%
Borsdorf (Hessen)
5%
Büches-Düdelsheim
5%
Edingen (Kr Wetzlar)
5%
Frickhofen
5%
Friedensdorf (Lahn)
5%
Gettenau-Bingenheim
5%
Hettenhausen
5%
Kassel-Kirchditmold
5%
Langsdorf (Oberhessen)
5%
Lehnheim
5%
Melsungen-Röhrenfurth
5%
Melsungen-Schwarzenberg
5%
Nieder Ohmen
5%
Ranstadt
5%
Reisen (Hessen)
5%
Schmalnau
5%
Schöneck-Büdesheim
5%
Wiesenfeld
5%
Ahnatal-Casselbreite
4%
Ahnatal-Heckershausen
4%
Altenhasungen
4%
Bad Salzhausen
4%
Bleichenbach (Oberhessen)
4%
Dorheim (Wetterau)
4%
Effolderbach
4%
Frankenberg-Goßberg
4%
Häuserhof
4%
Vellmar-Osterberg EKZ
4%
Weckesheim
4%
Wildeck-Bosserode
4%
Wilhelmshütte (Lahn)
4%
Wilsenroth
4%
Zotzenbach
4%
Melbach
3%
Oberelsungen
3%
Fürstenwald
2%
Zierenberg-Rosental
2%
Keine übereinstimmenden Quizze gefunden
Verteilung der Resultate
Anzahl Personen mit jedem Resultat
Perzentil nach korrekt beantworteten Fragen
Ihre Resultats-Entwicklung
Sie haben dieses Quiz noch nicht gespielt